000 00463nam a22001697a 4500
005 20140310183651.0
008 140122b xxu||||| |||| 00| 0 eng d
020 _a0748745025
050 _aHV 751.A6
_b.D217 2002
100 _aDare, Angela
245 _aGood in practice in child safety /
_cAngela Dare
260 _aUnited Kingdom :
_bNelson Thornes,
_c2002.
300 _a226 p. :
_bill. ;
_c24 cm.
521 _aMA
942 _2lcc
_cBK
_kFOR
999 _c26075
_d26075